|
|
|
|
| LEADER |
00000nab a2200000 a 4500 |
| 001 |
vtls010546190 |
| 003 |
SK-MaSNL |
| 005 |
20260318115345.0 |
| 008 |
130925c20130925xo d| 000 0|hun |
| 015 |
|
|
|a SNBRB2013/09
|
| 038 |
|
|
|a DSZK
|
| 040 |
|
|
|a DSZK
|b slo
|c DSZK
|e AACR2
|
| 041 |
0 |
|
|a hun
|
| 044 |
|
|
|a xo
|c SK
|
| 080 |
|
|
|a 621.798.2
|2 2001
|
| 080 |
|
|
|a 394-027.564.2
|2 2001
|
| 100 |
1 |
|
|a Szabó, Csilla
|4 aut
|9 424544
|
| 245 |
1 |
0 |
|a Életmentő műanyag kupakok
|c Szabó Csilla
|
| 300 |
|
|
|b Fotogr.
|
| 648 |
|
7 |
|a 2013
|2 dszk
|9 324251
|
| 650 |
0 |
7 |
|a plastové uzávery
|2 dszk
|9 1606040
|
| 650 |
0 |
7 |
|a benefičné podujatia
|2 SNKPH
|9 222651
|
| 651 |
|
7 |
|a Dunajská Streda (Slovensko : okres)
|2 dszk
|9 145813
|
| 773 |
0 |
|
|t Új szó
|g Évf. 66, sz. 223 (2013.9.25), o. 9
|x 1335-7050
|
| 852 |
|
|
|a DSZK
|b KIS3GCP
|
| 958 |
|
|
|a HU
|
| 958 |
|
|
|a SK
|
| 999 |
|
|
|c 3306713
|d 3308643
|